Naturaleza y crisis del poder en Centroamérica. Notas preliminares para su estudio /
Salvato in:
| Autore principale: | |
|---|---|
| Altri autori: | |
| Natura: | testo |
| Soggetti: | |
| Tags: |
Aggiungi Tag
Nessun Tag, puoi essere il primo ad aggiungerne!!
|
MARC
| LEADER | 00000 a a2200000 04500 | ||
|---|---|---|---|
| 001 | 16777 | ||
| 003 | |||
| 040 | |||
| 100 | |a Torres Rivas, Edelberto | ||
| 245 | |a Naturaleza y crisis del poder en Centroamérica. Notas preliminares para su estudio / |c Edelberto Torres Rivas | ||
| 650 | |a PODER POLITICO | ||
| 650 | |a POLITICA | ||
| 650 | |a AMERICA CENTRAL | ||
| 700 | |a González, Vinicio | ||
| 773 | |g volumen 9, número 25; páginas 99-132 | ||
| 999 | |c 20256 |d 20256 | ||
